| 000 | 01215nam a22003377a 4500 | ||
|---|---|---|---|
| 003 | CHAP | ||
| 005 | 20220329135748.0 | ||
| 008 | 971013s1948 r 00010 d | ||
| 010 | _a41653 | ||
| 011 | _a42625 | ||
| 035 | _a46754 | ||
| 040 | _cCHAP | ||
| 090 | _aTesis | ||
| 100 | 0 | 0 |
_aMuñoz Vázquez, Jesús. _979697 |
| 245 | _aDesarrollo de la teoría para el cálculo de tubos de concreto armado de gran diámetro y aplicación al diseño de un sifón en el canal principal del distrito de riego de Valsequillo, Pue. | ||
| 260 |
_a(s.l.) : _bEl autor, _c1948 |
||
| 300 |
_a112 p. _b: ilus |
||
| 502 | _aTesis (Ing. Agr. Esp. en Irrigación) -- ENA. Departamento de Irrigación | ||
| 590 |
_aALEPH _b10 _c20130110 _lUCH01 _h1310 |
||
| 590 |
_aBATCH-UPD _b10 _c20130110 _lUCH01 _h2113 |
||
| 590 |
_aBATCH-UPD _b10 _c20130410 _lUCH01 _h1423 |
||
| 590 |
_aBATCH-UPD _b10 _c20130914 _lUCH01 _h1032 |
||
| 590 |
_aCONVERSION _b10 _c20130109 _lUCH01 _h1323 |
||
| 650 | 1 | 4 |
_aConcreto armado. _926306 |
| 650 | 1 | 4 |
_aDistrito de Riego Valsequillo, Pue. _932954 |
| 650 | 1 | 4 |
_aSifón. _9105886 |
| 901 | _aBK | ||
| 942 | _cFOLL | ||
| 949 |
_bBC _cTES _d-106518 _eTS1 _i46754 _si |
||
| 949 |
_bBC _cTES _d-106519 _eTS2 _fc.2 _i46754 _si |
||
| 999 |
_c41653 _d41653 |
||